00587nam a2200169Ia 4500008004100000041000800041082001300049100002800062245003700090260002300127300000800150365001600158700003800174906003700212999001900249952014900268230718s9999 xx 000 0 und d aeng a530bAVA aAvadhanulu M.N.9149104 aText Book Of Engineering Physics c2009bS. Chand Pub a758 cRs.b310.00 aAvadhanulu M.N. & Kshirsagar P.G. dB:753830-Jan-2009cALLIEDb697.5 c320221d320221 00104070aCCEPbCCEPd2009-02-02eTbsfALLIEDg263.50i7538l0o530pCCEP-BK-31428r2023-07-18 00:00:00t697.5v310.00w2009-01-30yBKz031428